Control preventivo de claúsulas abusivas
Gespeichert in:
| 1. Verfasser: | |
|---|---|
| Format: | Buch |
| Sprache: | Spanisch |
| Veröffentlicht: |
Santiago
DER Ediciones Limitada
2018
|
| Ausgabe: | 1a. ed |
| Schriftenreihe: | Ensayos Jurídicos
|
| Schlagworte: | |
| Tags: |
Tag hinzufügen
Keine Tags, Fügen Sie den ersten Tag hinzu!
|
MARC
| LEADER | 00000cam a2200000 a 4500 | ||
|---|---|---|---|
| 001 | UCC6255 | ||
| 003 | CL-VaPUC | ||
| 008 | 181130e20180000cl |||||||||||||||||spa|d | ||
| 020 | |a 9789569959196 | ||
| 082 | 0 | 4 | |a 343.071 |b MOR |2 21 |
| 100 | |a Morales Ortiz, María Elisa |e autora |9 602801 | ||
| 245 | 1 | 0 | |a Control preventivo de claúsulas abusivas |
| 250 | |a 1a. ed | ||
| 300 | |a 242 p | ||
| 942 | |c BK | ||
| 945 | |d 20181130 13:53:00 |a dcastane | ||
| 260 | |a Santiago |b DER Ediciones Limitada |c 2018 | ||
| 650 | 0 | |a Derechos del consumidor |9 367388 | |
| 650 | 0 | |a Protección del consumidor |9 474424 | |
| 583 | |a last modification |c 20181130 13:53:00 |k Rodrigo Vera | ||
| 490 | 0 | |a Ensayos Jurídicos | |
| 999 | |c 373240 |d 373238 | ||
| 952 | |0 0 |1 0 |3 erb |4 0 |6 343_071000000000000_MOR_2018 |7 0 |8 A |9 491285 |a BIBDER |b BIBDER |i 5519195 |l 1 |o 343.071 MOR 2018 |p 5519195 |r 2023-01-25 |s 2022-10-05 |w 2019-11-24 |y BK |z Catalogado en:20181130 |k DER | ||